000
00291nam a2200121 a 4500
008
101022s1958|||| d
245
1
0
_a
Neznámy vojak
100
1
_a
Linna, Väino
260
_b
Slovenský spisovateľ
_c
1958
_a
Bratislava
020
_c
11,40
041
_a
slo
044
_a
xo
_c
SK
999
_c
12020
_d
12020